Method Man Charting Songs (Billboard Hot 100) - Statistics

General Stats
  • This quiz has been taken 13 times
  • The average score is 6 of 14
Answer Stats
Album Peak Artist(s) Song % Correct
Tical 2000: Judgment Day #98 Method Man ft. D'Angelo Break Ups 2 Make Ups
75%
Tical #45 Method Man Bring the Pain
75%
Phenomenon #75 LL Cool J ft. Method Man, Redman, DMX, Canibus & Master P 4, 3, 2, 1
63%
The Show #13 Redman / Method Man How High
63%
Tical #3 Method Man ft. Mary J. Blige I'll Be There for You / You're All I Need to Get By
63%
Liquid Swords #67 GZA ft. Method Man Shadowboxin'
63%
Tical #98 Method Man Release Yo' Delf
50%
Love & Life #22 Mary J. Blige ft. Method Man Love at 1st Sight
38%
Significant Other #73 Limp Bizkit ft. Method Man N 2 Gether Now
25%
How High #72 Method Man & Redman Part II
25%
Batman Forever #56 Method Man The Riddler
25%
High School High #60 RZA ft. Method Man & Cappadonna Wu-Wear: The Garment Renaissance
25%
Voodoo #70 D'Angelo ft. Method Man & Redman Left & Right
13%
How High #62 Jonell & Method Man Round and Round
13%
No matching quizzes found
Score Distribution
Percent of People with Each Score
Percentile by Number Answered
Your Score History
You have not taken this quiz